Tunnista elokuva 3 - Statistics

Yleistilastot
  • Tätä visaa on pelattu 145 kertaa
  • Keskiarvotulos 5 / 8
Vastaustilastot
Hint Vastaus % Oikein
Poika puolustaa perheensä taloa rosvoilta Yksin kotona / Home Alone
98%
Vihreä mies vihaa joulua The Grinch
87%
Brittiagentti voittaa superviholliset ja iskee naisia James Bond
74%
Merirosvot seikkailevat Pirates of the Caribbean
69%
Kryptonilainen supersankari puolustaa Maapalloa Teräsmies / Superman
59%
Neuvostoliitto hyökkää Suomeen Talvisota
48%
Manhattan-projektin johtajan elämäntarina Oppenheimer
37%
Astronautit törmäävät avaruudessa uuteen elämänmuotoon Alien
22%
Ehtoja vastaavia visoja ei löytynyt
Tulosjakauma
Jokaisen tuloksen saaneiden osuus
Persentiili vastausten määrän mukaan
Tuloshistoriasi
Et ole pelannut tätä visaa